000 00558nam a2200229Ia 4500
003 OSt
005 20221005113805.0
006 a|||||r|||| 00| 0
007 ta
008 221004b |||||||| |||| 00| 0 kan d
024 _a61269
037 _cTextual
040 _aCRL
_cCRL
_bkan
041 _2kan
_akan
082 _aR6, 33L3
100 _aSomanathananda
_9624936
245 0 _aAdyalhmika jeevana ithyadi
260 _c1973
650 _aPHILOSOPHY
942 _hR6, 33L3
_cTEXL
_2cc
999 _c1029273
_d1029273